| 000 | 00348nam a2200145Ia 4500 | ||
|---|---|---|---|
| 008 | 150201s1999 xx 000 0 und d | ||
| 082 |
_a617 _bI 1999 A |
||
| 100 | _aANIL. S. | ||
| 245 | _aINFECTION CONTROL IN DENTAL PRACTICE | ||
| 250 | _a1ST | ||
| 260 |
_bAITBS _aDELHI _c1999 |
||
| 300 | _a1-151 | ||
| 650 | _aORAL MEDICINE | ||
| 942 |
_2ddc _cBK _01 |
||
| 999 |
_c2848 _d2848 |
||